000 00916nam a2200265 a 4500
001 000025306
005 20200930023709.0
008 110214s1999 sp ad r 000 0 spa d
020 _a8427711093
040 _aDO-SdBNP
_bspa
_cBNPHU
082 _axxxxx
_bD611d
245 0 0 _aDiseño de diversificación curricular en secundaria /
_cMaría Dolores Muzás , Mercedes Blanchard , Ángel Jiménez , Juan Carlos Melgar.
250 _a3a ed.
260 _aMadrid :
_bNarcea,
_c1999.
300 _a203 p. :
_bil., diagrs. , ;
_c21.5 cm.
490 1 _aSecundaria para todos
500 _aIncluye referencia bibliográfica p. [201-203].
500 _aIncluye notas al pie de las páginas.
700 1 _aDoloes Muzás, María
_951832
700 1 _aBlanchard, Mercedes
_936725
700 1 _aJiménez, Ángel
_951833
700 1 _aJuan Carlos Melgar
_951834
830 0 _aSecundaria para todos
_951835
049 _aBNGR
999 _c24799
_d24799